Словарь русского языка XVIII века : выпуск 13 Молдавский - Напрокудить В.13

שמור ב:
מידע ביבליוגרפי
מחבר ראשי: Российская Академия наук. Институт лингвистических исследований
פורמט: ספר
יצא לאור: Наука 2003
תגים: הוספת תג
אין תגיות, היה/י הראשונ/ה לתייג את הרשומה!
Thư viện lưu trữ: Mạng thư viện Đại học Đà Nẵng
LEADER 00753nam a2200217 a 4500
001 000030387
003 34835
005 20171030145630.0
008 171030s2003
040 |a LTT 
082 0 |a 491.73  |b RUS 
100 1 |a Российская Академия наук. Институт лингвистических исследований 
245 0 0 |a Словарь русского языка XVIII века : выпуск 13 Молдавский - Напрокудить  |c Российская Академия наук.  |n В.13 
260 |b Наука  |c 2003 
OWN |a LTT 
999 |a From the UDN01 
TYP |a Monograph 
TYP |a Printed language 
980 |a Mạng thư viện Đại học Đà Nẵng